The pulp and paper industry in the OECD member countries
Uloženo v:
| Médium: | Kniha |
|---|---|
| Jazyk: | Undetermined |
| Vydáno: |
Paris
OECD
1973
|
| Témata: | |
| Tagy: |
Přidat tag
Žádné tagy, Buďte první, kdo otaguje tento záznam!
|
| Thư viện lưu trữ: | Trung tâm Học liệu Trường Đại học Cần Thơ |
|---|
| LEADER | 00421nam a2200157Ia 4500 | ||
|---|---|---|---|
| 001 | CTU_96375 | ||
| 008 | 210402s9999 xx 000 0 und d | ||
| 082 | |a 338.4 | ||
| 082 | |b P982 | ||
| 245 | 4 | |a The pulp and paper industry in the OECD member countries | |
| 260 | |a Paris | ||
| 260 | |b OECD | ||
| 260 | |c 1973 | ||
| 650 | |a Paper industry | ||
| 904 | |i Tuyến | ||
| 980 | |a Trung tâm Học liệu Trường Đại học Cần Thơ | ||